[Event "TUR-chT"]
[Site "Kocaeli"]
[Date "2014.08.25"]
[Round "8.1"]
[White "Inarkiev, Ernesto"]
[Black "Ding, Liren"]
[Result "1-0"]
[WhiteElo "2666"]
[BlackElo "2742"]
[PlyCount "121"]
[EventDate "2014.08.18"]
[EventType "team-tourn"]
[EventRounds "13"]
[EventCountry "TUR"]
[SourceTitle "CBM 162 Extra"]
[Source "ChessBase"]
[SourceDate "2014.10.17"]
[SourceVersion "1"]
[SourceVersionDate "2014.10.17"]
[SourceQuality "1"]
[WhiteTeam "Denizsu Aquamatch"]
[BlackTeam "TS Alyans"]
[WhiteTeamCountry "TUR"]
[BlackTeamCountry "TUR"]

1. e4 c6 2. d4 d5 3. Nc3 dxe4 4. Nxe4 Bf5 5. Ng3 Bg6 6. h4 h6 7. Nf3 e6 8. Ne5
Bh7 9. Bd3 Bxd3 10. Qxd3 Nd7 11. f4 c5 12. Be3 Nxe5 13. fxe5 cxd4 14. Qb5+ Qd7
15. Qxd7+ Kxd7 16. O-O-O Ke8 17. Bxd4 Ne7 18. Ne4 Nc6 19. Bc3 h5 20. Rhf1 Be7
21. g3 Rd8 22. Rxd8+ Nxd8 23. Kd2 Nc6 24. Ke3 Rh6 25. b3 Rg6 26. Bb2 Nb8 27.
Kf3 Nd7 28. Rd1 f6 29. exf6 gxf6 30. Nd6+ Bxd6 31. Rxd6 f5 32. c4 Ke7 33. Rd1
e5 34. Ba3+ Ke8 35. Rd5 Rg4 36. Rd6 f4 37. Re6+ Kd8 38. gxf4 Rxf4+ 39. Ke3 Rf7
40. Bd6 Nf6 41. Bxe5 Ng4+ 42. Ke4 Rf2 43. Bf4 Rxa2 44. Kf5 Kd7 45. Rd6+ Ke7 46.
c5 Rf2 47. b4 b6 48. Rd4 bxc5 49. bxc5 Rc2 50. Bg5+ Kf7 51. Rd7+ Ke8 52. Ke6
Re2+ 53. Kd6 Nf6 54. Rxa7 Ne4+ 55. Kd5 Nxg5 56. hxg5 Rg2 57. Ke6 Kd8 58. Kf6
Rf2+ 59. Kg6 h4 60. Rh7 Rh2 61. Kg7 1-0

[Event "TUR-chT"]
[Site "Izmir"]
[Date "2016.07.30"]
[Round "7.1"]
[White "Inarkiev, Ernesto"]
[Black "Cheparinov, Ivan"]
[Result "1-0"]
[WhiteElo "2730"]
[BlackElo "2688"]
[PlyCount "95"]
[EventDate "2016.07.25"]
[EventType "team-swiss"]
[EventRounds "13"]
[EventCountry "TUR"]
[SourceTitle "CBM 173 Extra"]
[Source "ChessBase"]
[SourceDate "2016.08.29"]
[SourceVersion "1"]
[SourceVersionDate "2016.08.29"]
[SourceQuality "1"]
[WhiteTeam "Deniz Su Aquamatch"]
[BlackTeam "Turk Hava Yollari"]
[WhiteTeamCountry "TUR"]
[BlackTeamCountry "TUR"]

1. d4 Nf6 2. c4 e6 3. Nf3 d5 4. g3 Bb4+ 5. Bd2 Be7 6. Bg2 O-O 7. O-O Nbd7 8.
Qc2 c6 9. Rd1 b6 10. b3 Ba6 11. a4 Qc8 12. Na3 Bb7 13. cxd5 cxd5 14. Qb2 Qd8
15. Rdc1 Ne4 16. Bf4 Bd6 17. Bxd6 Nxd6 18. Ne5 Nf6 19. Nb5 Nfe4 20. Rc7 Nxb5
21. Rd7 Qe8 22. axb5 f6 23. Rxb7 fxe5 24. Bxe4 dxe4 25. Qc3 Rf7 26. Rxf7 Qxf7
27. dxe5 Rd8 28. Ra4 Qd7 29. Qe3 Qxb5 30. Rxa7 Qxe5 31. Qxb6 Rb8 32. Qe3 Rb4
33. Ra8+ Kf7 34. Kg2 Kg6 35. Rc8 h6 36. Rc5 Qb8 37. Rc6 Qe5 38. Rc5 Qb8 39. Rc6
Qe5 40. Rb6 Rxb6 41. Qxb6 Qd5 42. Qe3 Qb7 43. Qc3 Kf5 44. Qc5+ Kf6 45. b4 Qd7
46. b5 Qd2 47. b6 Qb2 48. e3 1-0

[Event "Nazran Tower of Concord m"]
[Site "Nazran"]
[Date "2017.08.08"]
[Round "4"]
[White "Inarkiev, Ernesto"]
[Black "Gelfand, Boris"]
[Result "1-0"]
[WhiteElo "2702"]
[BlackElo "2729"]
[PlyCount "71"]
[EventDate "2017.08.03"]
[EventType "match"]
[EventRounds "6"]
[EventCountry "RUS"]
[SourceTitle "CBM 180"]
[Source "ChessBase"]
[SourceDate "2017.09.13"]
[SourceVersion "1"]
[SourceVersionDate "2017.09.13"]
[SourceQuality "1"]

1. e4 c5 2. Nf3 Nc6 3. d4 cxd4 4. Nxd4 Nf6 5. Nc3 e5 6. Ndb5 d6 7. Bg5 a6 8.
Na3 b5 9. Bxf6 gxf6 10. Nd5 f5 11. Bd3 Be6 12. O-O Bxd5 13. exd5 Ne7 14. Re1
Bg7 15. c3 O-O 16. Qh5 e4 17. Bf1 Re8 18. Nc2 Nxd5 19. Qxf5 Re5 20. Qh3 Qf6 21.
a4 Rd8 22. axb5 Nf4 23. Qe3 axb5 24. Qb6 Kh8 25. Ne3 Rg8 26. g3 Bf8 27. Ra8 Ne6
28. Rd1 h5 29. Rd5 h4 30. Rxe5 dxe5 31. b4 Qg5 32. Re8 hxg3 33. hxg3 Qh5 34.
Qxb5 Bh6 35. Be2 Qg5 36. Bc4 1-0

[Event "Palma de Mallorca FIDE GP"]
[Site "Palma de Mallorca"]
[Date "2017.11.16"]
[Round "1"]
[White "Inarkiev, Ernesto"]
[Black "Li, Chao B"]
[Result "1-0"]
[WhiteElo "2683"]
[BlackElo "2741"]
[Annotator "Yermolinsky,A"]
[PlyCount "57"]
[EventDate "2017.11.16"]
[EventType "swiss"]
[EventRounds "9"]
[EventCountry "ESP"]
[SourceTitle "CBM 182"]
[Source "ChessBase"]
[SourceDate "2018.01.17"]
[SourceVersion "1"]
[SourceVersionDate "2018.01.17"]
[SourceQuality "1"]

1. d4 Nf6 2. c4 g6 3. Nc3 d5 4. cxd5 Nxd5 5. e4 Nxc3 6. bxc3 Bg7 7. Qa4+ Nd7 ({
Personally, I have always preferred} 7... Qd7 8. Qb3 O-O 9. Nf3 c5 {but recent
developments after a new (to me) move} 10. d5 {leave me worried. For example,}
e6 11. Be3 exd5 12. exd5 b6 {and here} 13. Bb5 $5 {Nakamura-Vachier Lagrave,
Chess.com Blitz 2016, I wonder what's going on after} Bxc3+ 14. Kd1 (14. Ke2 $4
Qxb5+ 15. Qxb5 Ba6 $19) 14... Bxa1 15. Bxd7 Nxd7 {isn't Black supposed to be
more than OK here?}) 8. Nf3 O-O 9. Be2 Nb6 $6 {I know I'm not supposed to
treat a 2740 player like a schoolboy, but has Li Chao ever heard the famous Dr.
Tarrasch dictum "Nb6 always stands badly"?} ({Databases contain hundreds of
games with a standard} 9... c5 {and White's results show not more than a
normal few percentage points edge.}) 10. Qb4 Qd6 11. O-O Bg4 $6 {What is the
point of parting with a bishop when Black isn't attacking d4? More questions
that only Li Chao can answer.} (11... Qxb4 12. cxb4 Bg4 {would make more sense.
}) 12. Qb3 $1 c6 $6 {To me, an old Grünfeld hand, this move always signifies
Black's failure to follow through on this great opening's ideas.} ({No matter
what} 12... c5 13. Ba3 Qc6 {had to be tried.}) 13. Rd1 Qc7 14. Ba3 Nc8 15. Rac1
Bxf3 16. Bxf3 Rd8 {Just like that White has obtained a sizeable advantage
without breaking sweat... not one drop.} 17. e5 $1 e6 18. c4 Rb8 19. Be4 c5 $6
{A desperate attempt to break out that is doomed to fail.} 20. Bxc5 f6 21. Bb4
(21. Qh3 {also looked mighty good}) 21... fxe5 22. d5 $1 b6 23. dxe6 Ne7 {
Now the simple, yet elegant finish.} 24. Rd7 $1 Rxd7 25. exd7 Qxd7 26. c5+ Kh8
27. c6 Rc8 28. Qf7 Qd4 29. Bxe7 1-0